| 000 | 00513cam a2200193Ia 4500 | ||
|---|---|---|---|
| 020 | _a0834802368 (pbk.) | ||
| 020 | _a9780834802360 (pbk.) | ||
| 040 | _cUUM | ||
| 082 | _a796 WEA 1991 A086 Or. | ||
| 100 | 1 | _aWarner, Gordon. | |
| 245 | 1 | 0 |
_aJapanese swordsmanship : _btechnique and practice / |
| 250 | _a1st paperback ed. | ||
| 260 |
_aNew York : _bWeatherhill, _c1991. |
||
| 300 |
_axiii, 296 p. : _bill. ; _c26 cm. |
||
| 650 | 0 | _aIaido. | |
| 650 | 0 | _aSwordplay | |
| 700 | 1 | _aDraeger, Donn F. | |
| 942 | _cEK | ||
| 999 |
_c12960 _d12960 |
||